Central Library and Information Centre
Sibsagar Girls' College, Sivasagar : Assam

DIFFERENTIAL EQUATIONS (Record no. 6757)

MARC details
000 -LEADER
fixed length control field 00399cam a2200169ua 4500
008 - FIXED-LENGTH DATA ELEMENTS--GENERAL INFORMATION
fixed length control field 120723n1994 II |||gr||||Z||||||eng
040 ## - CATALOGING SOURCE
Original cataloging agency MAIN
041 ## - LANGUAGE CODE
-- English
082 ## - DEWEY DECIMAL CLASSIFICATION NUMBER
Classification number 515.3 KHA
100 ## - MAIN ENTRY--PERSONAL NAME
Personal name KHANNA, M. L.
245 ## - TITLE STATEMENT
Title DIFFERENTIAL EQUATIONS
260 ## - PUBLICATION, DISTRIBUTION, ETC.
Place of publication, distribution, etc. MEERUT
Name of publisher, distributor, etc. JAI PRAKASH NATH & CO.
Date of publication, distribution, etc. 1994
300 ## - PHYSICAL DESCRIPTION
Extent 483:
Dimensions 25CM.
942 ## - ADDED ENTRY ELEMENTS (KOHA)
Koha item type Books
653 ## - INDEX TERM--UNCONTROLLED
Uncontrolled term Differential Calculus
Holdings
Withdrawn status Lost status Damaged status Not for loan Collection code Home library Current library Shelving location Date acquired Full call number Barcode Date last seen Copy number Price effective from Koha item type
        TBMAT Central Library and Information Centre Sibsagar Girls College Central Library and Information Centre Sibsagar Girls College Mathematics Rack 05.02.1997 515.3 KHA 14529 27.02.2020 1 27.02.2020 Books


Sibsagar Girl's College © 2020. All rights reserved.
Powered by Koha.
Maintained by Abhijit Borpuzari.